MICROECONOMICS AN INTUITIVE APPROACH WIT (Record no. 19774)

MARC details
000 -LEADER
fixed length control field 00374nam a2200133Ia 4500
008 - FIXED-LENGTH DATA ELEMENTS--GENERAL INFORMATION
fixed length control field 240624s9999 xx 000 0 und d
041 ## - LANGUAGE CODE
Language code of text/sound track or separate title eng
082 ## - DEWEY DECIMAL CLASSIFICATION NUMBER
Classification number 338.5 NEC
100 ## - MAIN ENTRY--PERSONAL NAME
Personal name NECHYBA THOMAS J
245 ## - TITLE STATEMENT
Title MICROECONOMICS AN INTUITIVE APPROACH WIT
260 ## - PUBLICATION, DISTRIBUTION, ETC.
Date of publication, distribution, etc. 2011
Place of publication, distribution, etc. Australia
Name of publisher, distributor, etc. South-Western Cengage Learning
300 ## - PHYSICAL DESCRIPTION
Extent xvii, : 1206 : p. : cm. ; 25
365 ## - TRADE PRICE
Currency code
Price amount 30
Holdings
Withdrawn status Lost status Damaged status Not for loan Home library Current library Shelving location Date acquired Source of acquisition Cost, normal purchase price Full call number Barcode Date last seen Copy number Price effective from Koha item type
        IMTN IMTN Rack 10-B 09/27/2012 WBD 99.00 338.5 NEC 19774 06/24/2024 58.6 06/24/2024 Books
Designed & Maintained by: LRC IMT Nagpur Contact: lrc@imtnag.ac.in© 2024. All Rights Reserved.